Doctor at large (Record no. 32999)

MARC details
000 -LEADER
fixed length control field 00256nam a2200109Ia 4500
082 ## - DEWEY DECIMAL CLASSIFICATION NUMBER
Classification number 82-3
Item number GOR
100 ## - MAIN ENTRY--AUTHOR NAME
Personal name Gordon, Richard
245 #0 - TITLE STATEMENT
Title Doctor at large
260 ## - PUBLICATION, DISTRIBUTION, ETC. (IMPRINT)
Place of publication England
Name of publisher Penguin
Year of publication 1975
942 ## - ADDED ENTRY ELEMENTS (KOHA)
Koha item type Books
Holdings
Withdrawn status Lost status Damaged status Not for loan Home library Current library Date acquired Cost, normal purchase price Full call number Accession Number Koha item type
        RRII Library RRII Library 16/12/2021 70.00 82-3 GOR 13501 Books